Single Vowel Celebrities Quiz Stats

 Plays Quiz Updated May 3, 2016

Challenge
Share
Tweet
Score 0/18 Timer 06:00
3 Plays Today
% Correct
Will Smith
99.3%
Jack Black
96.2%
Ellen DeGeneres
95.3%
Alan Alda
66.4%
Seth Green
65.3%
Pat Sajak
58.4%
Renée Zellweger
57.1%
Frank Zappa
53.8%
Zach Braff
52.4%
% Correct
Bob Ross
44.7%
Don Johnson
44.3%
Jack Hanna
30.7%
John Cho
25.8%
Peter Sellers
22.6%
Ben Vereen
19.8%
Graham Chapman
15%
Peter Weller
9.9%
Steven Weber
9.9%

You're not logged in!

Compare scores with friends on all Sporcle quizzes.
Join for Free
OR
Log In

You Might Also Like...

Show Comments

Extras

Top Quizzes Today


Score Distribution

Your Account Isn't Verified!

In order to create a playlist on Sporcle, you need to verify the email address you used during registration. Go to your Sporcle Settings to finish the process.

Report this User

Report this user for behavior that violates our Community Guidelines.

Details: